[Event "CP-2013-P-00003"]
[Site "LSS email"]
[Date "2013.09.30"]
[Round "?"]
[White "Bilbey, Brian"]
[Black "Buczinski, Henryk"]
[Result "0-1"]
[WhiteElo "825"]
[BlackElo "1977"]
[PlyCount "34"]
[EventDate "2013.10.01"]
[EventType "tourn (corr)"]
[EventRounds "6"]
[EventCountry "GER"]
[SourceTitle "Corr 2015"]
[Source "ChessBase"]
[SourceDate "2015.07.17"]
[SourceVersion "1"]
[SourceVersionDate "2015.07.17"]
[SourceQuality "1"]

1. Nf3 Nf6 2. d4 d5 3. c4 c6 4. Nc3 a6 5. Bg5 dxc4 6. a4 Nd5 7. e3 b5 8. axb5 Nxc3 9. bxc3 cxb5 10. Be2 Nd7 11. 0-0 Bb7 12. Qc2 h6 13. Bf4 e6 14. e4 Nf6 15. e5 Be4 16. Qd2 Nd5 17. Bg3 Qb6 0-1

[Event "SN-2013-0-00528"]
[Site "LSS email"]
[Date "2013.07.28"]
[Round "?"]
[White "Bilbey, Brian"]
[Black "Kalinin, Aleksej"]
[Result "1-0"]
[WhiteElo "979"]
[BlackElo "894"]
[PlyCount "87"]
[EventDate "2013.07.14"]
[EventType "tourn (corr)"]
[EventRounds "6"]
[EventCountry "GER"]
[SourceTitle "Corr 2022"]
[Source "ChessBase"]
[SourceDate "2021.10.24"]
[SourceVersion "1"]
[SourceVersionDate "2021.10.24"]
[SourceQuality "1"]

1. Nf3 d5 2. d4 h6 3. c4 Nf6 4. Nc3 c6 5. e3 e6 6. Bd3 Bb4 7. 0-0 0-0 8. a3 Bxc3 9. bxc3 Ne4 10. Qc2 f5 11. Ne5 Nd7 12. Ng6 Rf6 13. Nf4 e5 14. Ne2 Rg6 15. Bxe4 dxe4 16. d5 cxd5 17. cxd5 Qg5 18. g3 Nc5 19. a4 Nd3 20. Ba3 f4 21. exf4 Nxf4 22. Nxf4 Qxf4 23. Qc1 Qf3 24. Qe3 Bh3 25. Qxf3 exf3 26. Rfe1 Re8 27. Rab1 b6 28. Re3 e4 29. c4 h5 30. d6 h4 31. c5 bxc5 32. Bxc5 hxg3 33. fxg3 Rf6 34. Rb2 Re5 35. Bxa7 Rd5 36. Re1 Rdxd6 37. Rb4 f2+ 38. Bxf2 Rxf2 39. Kxf2 Bf5 40. Rb5 Rd2+ 41. Re2 Rxe2+ 42. Kxe2 Bg4+ 43. Ke3 Bf3 44. a5 1-0

[Event "SN-2013-0-00527"]
[Site "LSS email"]
[Date "2013.07.26"]
[Round "?"]
[White "Bilbey, Brian"]
[Black "Pehl, Ferenc"]
[Result "0-1"]
[WhiteElo "823"]
[BlackElo "964"]
[PlyCount "48"]
[EventDate "2013.07.12"]
[EventType "tourn (corr)"]
[EventRounds "6"]
[EventCountry "GER"]
[SourceTitle "Telechess CBM 163"]
[Source "ChessBase"]
[SourceDate "2014.11.11"]
[SourceVersion "2"]
[SourceVersionDate "2014.11.11"]
[SourceQuality "1"]

1. Nf3 Nc6 2. d4 d5 3. c4 e6 4. Nc3 dxc4 5. e3 Nf6 6. Bxc4 Be7 7. 0-0 0-0 8. a3 a6 9. h3 Nd5 10. Qc2 Nxc3 11. bxc3 Bf6 12. a4 Na5 13. Ba2 Nc6 14. Ba3 Re8 15. Bb1 g6 16. c4 Bg7 17. Re1 Qd7 18. Qe4 e5 19. d5 Na5 20. Bc2 f5 21. Qh4 e4 22. Ng5 Bxa1 23. Rxa1 Qg7 24. Bb2 Qd7 0-1

[Event "SN-2013-0-00527"]
[Site "LSS email"]
[Date "2013.07.26"]
[Round "?"]
[White "Bilbey, Brian"]
[Black "Vontina, Maria"]
[Result "1/2-1/2"]
[WhiteElo "823"]
[BlackElo "787"]
[PlyCount "80"]
[EventDate "2013.07.12"]
[EventType "tourn (corr)"]
[EventRounds "6"]
[EventCountry "GER"]
[SourceTitle "Telechess CBM 163"]
[Source "ChessBase"]
[SourceDate "2014.11.11"]
[SourceVersion "2"]
[SourceVersionDate "2014.11.11"]
[SourceQuality "1"]

1. Nf3 Nf6 2. d4 d5 3. c4 e6 4. Nc3 Be7 5. Bg5 0-0 6. e3 c6 7. Bd3 Nbd7 8. 0-0 dxc4 9. Bxc4 Nb6 10. Bd3 Nbd5 11. Qc2 h6 12. Bh4 a6 13. h3 Nxc3 14. Qxc3 Nd5 15. Bxe7 Qxe7 16. Qd2 Nf6 17. Ne5 Rd8 18. a3 c5 19. dxc5 Qxc5 20. Nf3 b5 21. Rac1 Qb6 22. Rfd1 Bb7 23. Nd4 Rac8 24. b4 Rxc1 25. Rxc1 Rc8 26. Rxc8+ Bxc8 27. Qc3 Bd7 28. Nf3 Nd5 29. Qc2 Qc6 30. Qxc6 Bxc6 31. Ne5 Be8 32. Be4 Nc3 33. Bb7 Nb1 34. Bxa6 Nxa3 35. Bb7 Kf8 36. Nd3 Ke7 37. Nc5 Kd6 38. Bf3 Bc6 39. Be2 Nc2 40. Nd3 Na3 1/2-1/2

[Event "ZN-2013-0-02379"]
[Site "LSS email"]
[Date "2013.07.21"]
[Round "?"]
[White "Bilbey, Brian"]
[Black "Holmquist, Marson C"]
[Result "0-1"]
[WhiteElo "823"]
[BlackElo "593"]
[PlyCount "56"]
[EventDate "2013.07.18"]
[EventType "match (corr)"]
[EventRounds "2"]
[EventCountry "GER"]
[SourceTitle "Telechess CBM 165"]
[Source "ChessBase"]
[SourceDate "2015.03.11"]
[SourceVersion "1"]
[SourceVersionDate "2015.03.11"]
[SourceQuality "1"]

1. Nf3 d5 2. d4 Nf6 3. c4 c6 4. Nc3 Bg4 5. e3 h6 6. Be2 Nbd7 7. 0-0 g5 8. c5 b6 9. b4 Bg7 10. a4 bxc5 11. bxc5 Rb8 12. Ba3 Qc7 13. h3 Bf5 14. Bd3 Be6 15. Rb1 Rxb1 16. Qxb1 g4 17. hxg4 Bxg4 18. Nd2 e5 19. Be2 Bxe2 20. Nxe2 Rg8 21. Re1 Bf8 22. Ng3 e4 23. Qb4 h5 24. f4 a5 25. Qc3 Rxg3 26. Nb3 Qxf4 27. Nxa5 Qh4 28. Rf1 Ng4 0-1

[Event "BI-2013-P-0000"]
[Site "LSS email"]
[Date "2013.04.22"]
[Round "?"]
[White "Bilbey, Brian"]
[Black "Krupa, Bartlomiej"]
[Result "0-1"]
[WhiteElo "958"]
[BlackElo "2231"]
[PlyCount "28"]
[EventDate "2013.04.25"]
[EventType "tourn (corr)"]
[EventRounds "10"]
[EventCountry "GER"]
[SourceTitle "Corr 2022"]
[Source "ChessBase"]
[SourceDate "2021.10.24"]
[SourceVersion "1"]
[SourceVersionDate "2021.10.24"]
[SourceQuality "1"]

1. Nf3 Nf6 2. d4 g6 3. c4 Bg7 4. Nc3 d5 5. Bg5 Ne4 6. Nxe4 dxe4 7. Ng1 Qxd4 8. Qxd4 Bxd4 9. Rb1 Be6 10. e3 Bb6 11. b3 Na6 12. g3 h6 13. Bf4 f6 14. g4 Ba5+ 0-1

[Event "BI-2013-P-0000"]
[Site "LSS email"]
[Date "2013.04.22"]
[Round "?"]
[White "Szabo, Vilmos"]
[Black "Bilbey, Brian"]
[Result "1-0"]
[WhiteElo "2509"]
[BlackElo "958"]
[PlyCount "37"]
[EventDate "2013.04.25"]
[EventType "tourn (corr)"]
[EventRounds "10"]
[EventCountry "GER"]
[SourceTitle "Corr 2022"]
[Source "ChessBase"]
[SourceDate "2021.10.24"]
[SourceVersion "1"]
[SourceVersionDate "2021.10.24"]
[SourceQuality "1"]

1. e4 c5 2. Nf3 Nc6 3. Bb5 a6 4. Bxc6 bxc6 5. 0-0 d6 6. Re1 Nf6 7. e5 dxe5 8. Nxe5 Qd6 9. d3 Bb7 10. Nd2 e6 11. Ndc4 Qd8 12. Re3 Be7 13. Rg3 0-0 14. Bh6 g6 15. h4 Re8 16. h5 Nd5 17. hxg6 fxg6 18. Nxg6 hxg6 19. Qh5 1-0

[Event "ZN-2013-0-02273"]
[Site "LSS email"]
[Date "2013.04.16"]
[Round "?"]
[White "Bilbey, Brian"]
[Black "Truck, Antoine"]
[Result "1-0"]
[WhiteElo "845"]
[BlackElo "774"]
[PlyCount "57"]
[EventDate "2013.04.12"]
[EventType "match (corr)"]
[EventRounds "2"]
[EventCountry "GER"]
[SourceTitle "Telechess CBM 161"]
[Source "ChessBase"]
[SourceDate "2014.07.16"]
[SourceVersion "1"]
[SourceVersionDate "2014.07.16"]
[SourceQuality "1"]

1. Nf3 d5 2. d4 Nc6 3. c4 dxc4 4. Nc3 Nf6 5. e3 e6 6. Bxc4 a6 7. 0-0 Bb4 8. a3 Bxc3 9. bxc3 Ne4 10. Qc2 f5 11. a4 0-0 12. Ba3 Rf7 13. Qb3 Na5 14. Qa2 Nxc3 15. Qc2 Nxa4 16. Qxa4 b6 17. Qc2 Bb7 18. Bxe6 Qf6 19. Bxf7+ Qxf7 20. Ne5 Qd5 21. f3 f4 22. Qa2 Nb3 23. Rab1 Na5 24. Qxd5+ Bxd5 25. e4 Ba2 26. Rbc1 Nb3 27. Rcd1 Rd8 28. d5 c5 29. Nc6 1-0

[Event "ZN-2013-0-02273"]
[Site "LSS email"]
[Date "2013.04.16"]
[Round "?"]
[White "Truck, Antoine"]
[Black "Bilbey, Brian"]
[Result "0-1"]
[WhiteElo "774"]
[BlackElo "845"]
[PlyCount "56"]
[EventDate "2013.04.12"]
[EventType "match (corr)"]
[EventRounds "2"]
[EventCountry "GER"]
[SourceTitle "Telechess CBM 161"]
[Source "ChessBase"]
[SourceDate "2014.07.16"]
[SourceVersion "1"]
[SourceVersionDate "2014.07.16"]
[SourceQuality "1"]

1. e4 c5 2. Nc3 Nc6 3. Nf3 Nf6 4. Bb5 d6 5. Bxc6+ bxc6 6. 0-0 Bg4 7. h3 Bh5 8. g4 Bg6 9. e5 Nd7 10. d4 cxd4 11. Qxd4 Qc7 12. exd6 Qxd6 13. Rd1 Qxd4 14. Rxd4 Bxc2 15. h4 e5 16. Rd2 e4 17. Nd4 Bd3 18. f3 Bc5 19. Nxe4 Bxd4+ 20. Kg2 Bxe4 21. Rxd4 Bd5 22. Bf4 0-0 23. h5 Nf6 24. h6 g6 25. Be5 Nd7 26. Bd6 Rfe8 27. b4 Re3 28. Rf1 Re2+ 0-1

[Event "RN-2013-0-00588"]
[Site "LSS email"]
[Date "2013.01.11"]
[Round "?"]
[White "Bilbey, Brian"]
[Black "Cherry, Brian"]
[Result "1-0"]
[WhiteElo "872"]
[BlackElo "700"]
[PlyCount "47"]
[EventDate "2013.01.01"]
[EventType "tourn (corr)"]
[EventRounds "6"]
[EventCountry "GER"]
[SourceTitle "Telechess CBM 159"]
[Source "ChessBase"]
[SourceDate "2014.03.17"]
[SourceVersion "1"]
[SourceVersionDate "2014.03.17"]
[SourceQuality "1"]

1. Nf3 d6 2. d4 f6 3. e4 e5 4. d5 f5 5. Bd3 f4 6. 0-0 Bg4 7. c4 Nd7 8. b4 b6 9. Nc3 h5 10. h3 Bxf3 11. Qxf3 Ngf6 12. a4 a5 13. Ba3 g6 14. Nb5 Nb8 15. bxa5 Rxa5 16. Qd1 Qd7 17. Re1 h4 18. Bb4 Ra8 19. Qd2 Na6 20. Bc3 Nc5 21. Bc2 g5 22. a5 Bh6 23. axb6 Qc8 24. Nxc7+ 1-0

[Event "RN-2013-0-00588"]
[Site "LSS email"]
[Date "2013.01.11"]
[Round "?"]
[White "Bortnicker, Justin"]
[Black "Bilbey, Brian"]
[Result "1-0"]
[WhiteElo "859"]
[BlackElo "872"]
[PlyCount "90"]
[EventDate "2013.01.01"]
[EventType "tourn (corr)"]
[EventRounds "6"]
[EventCountry "GER"]
[SourceTitle "Telechess CBM 159"]
[Source "ChessBase"]
[SourceDate "2014.03.17"]
[SourceVersion "1"]
[SourceVersionDate "2014.03.17"]
[SourceQuality "1"]

1. e4 c5 2. Nc3 Nc6 3. Bc4 e6 4. Nf3 a6 5. a3 b5 6. Ba2 g6 7. d3 Bg7 8. Bg5 Nge7 9. Qd2 0-0 10. Qe3 Bb7 11. Qxc5 Rc8 12. Qe3 Qc7 13. Bh6 f5 14. exf5 Nxf5 15. Bxe6+ dxe6 16. Qxe6+ Kh8 17. Bxg7+ Nxg7 18. Qh3 Rce8+ 19. Ne2 Bc8 20. Qh6 Nf5 21. Qd2 Nfd4 22. Nfg1 Bg4 23. f3 Bf5 24. 0-0-0 Qg7 25. Kb1 Nxe2 26. Nxe2 Nd4 27. Ng3 Qc7 28. Nxf5 Nxf5 29. Rde1 Nd4 30. c3 Nf5 31. g4 Ng7 32. h3 Qg3 33. f4 Rxe1+ 34. Qxe1 Qxd3+ 35. Ka1 Re8 36. Qf2 Qe3 37. Qf1 Re4 38. Qd1 Re8 39. Qd6 Qa7 40. Ka2 Qf7+ 41. Ka1 Qe6 42. Qd4 Kg8 43. Rd1 Qf7 44. Rf1 Re2 45. Qd1 Qa2+ 1-0

[Event "RN-2013-0-00588"]
[Site "LSS email"]
[Date "2013.01.11"]
[Round "?"]
[White "Hughes, Peter"]
[Black "Bilbey, Brian"]
[Result "1/2-1/2"]
[WhiteElo "709"]
[BlackElo "872"]
[PlyCount "73"]
[EventDate "2013.01.01"]
[EventType "tourn (corr)"]
[EventRounds "6"]
[EventCountry "GER"]
[SourceTitle "Telechess CBM 159"]
[Source "ChessBase"]
[SourceDate "2014.03.17"]
[SourceVersion "1"]
[SourceVersionDate "2014.03.17"]
[SourceQuality "1"]

1. d4 d5 2. c4 Nf6 3. Bg5 e6 4. a3 Be7 5. e3 0-0 6. c5 c6 7. Nf3 Nbd7 8. Bd3 h6 9. Bh4 b6 10. b4 b5 11. 0-0 a5 12. Nc3 axb4 13. axb4 Bb7 14. Ne5 Nxe5 15. dxe5 Nd7 16. Bxe7 Qxe7 17. e4 Nxe5 18. exd5 exd5 19. Re1 Qf6 20. Qc2 Nxd3 21. Qxd3 Rxa1 22. Rxa1 Re8 23. h3 Qe5 24. Qd2 d4 25. Na2 d3 26. Rd1 Qd5 27. Nc1 Bc8 28. Qxd3 Qe6 29. Qe2 Qxe2 30. Nxe2 Bf5 31. Kf1 Be6 32. Nd4 Bd5 33. Nf5 Re4 34. Rd4 Re5 35. Ne3 Re4 36. Rxe4 Bxe4 37. f3 1/2-1/2

[Event "CP-2012-P-00063"]
[Site "LSS email"]
[Date "2012.10.01"]
[Round "?"]
[White "Bilbey, Brian"]
[Black "Baroin, Bernard"]
[Result "0-1"]
[WhiteElo "845"]
[BlackElo "2133"]
[PlyCount "36"]
[EventDate "2012.10.05"]
[EventType "tourn (corr)"]
[EventRounds "6"]
[EventCountry "GER"]
[SourceTitle "Corr 2015"]
[Source "ChessBase"]
[SourceDate "2015.07.17"]
[SourceVersion "1"]
[SourceVersionDate "2015.07.17"]
[SourceQuality "1"]

1. Nf3 d5 2. d4 Bf5 3. e3 e6 4. c4 Nc6 5. a3 Nf6 6. Bd3 dxc4 7. Bxc4 Bd6 8. 0-0 0-0 9. Nc3 a6 10. Re1 e5 11. d5 Na5 12. Ba2 e4 13. Nd4 Bg6 14. Bd2 c5 15. Nb3 Nc4 16. Qc1 Bxh2+ 17. Kxh2 Ng4+ 18. Kg1 Qh4 0-1

[Event "RN-2012-0-00539"]
[Site "LSS email"]
[Date "2012.10.01"]
[Round "?"]
[White "Bilbey, Brian"]
[Black "Cherry, Brian"]
[Result "1/2-1/2"]
[WhiteElo "876"]
[BlackElo "686"]
[PlyCount "70"]
[EventDate "2012.09.21"]
[EventType "tourn (corr)"]
[EventRounds "6"]
[EventCountry "GER"]
[SourceTitle "Telechess CBM 165"]
[Source "ChessBase"]
[SourceDate "2015.03.11"]
[SourceVersion "1"]
[SourceVersionDate "2015.03.11"]
[SourceQuality "1"]

1. Nf3 d6 2. d4 Bg4 3. e3 Nf6 4. Be2 h6 5. 0-0 c6 6. c4 e6 7. Nc3 Qc7 8. h3 Bf5 9. Bd3 Bxd3 10. Qxd3 Nbd7 11. Re1 d5 12. c5 Be7 13. b4 0-0 14. Bd2 e5 15. dxe5 Ne8 16. a3 Nxe5 17. Nxe5 Qxe5 18. Rac1 Nf6 19. Rc2 Rad8 20. Rec1 d4 21. Ne2 dxe3 22. Qxe3 Qxe3 23. Bxe3 Nd5 24. Bd4 Rd7 25. Bb2 Rfd8 26. Nd4 Nf4 27. Nf5 Ne6 28. Nxe7+ Rxe7 29. a4 Nf4 30. b5 Red7 31. Kh1 Nd3 32. Rb1 Nxb2 33. Rcxb2 Rd1+ 34. Rxd1 Rxd1+ 35. Kh2 Rd4 1/2-1/2

[Event "CP-2012-P-00063"]
[Site "LSS email"]
[Date "2012.10.01"]
[Round "?"]
[White "Bilbey, Brian"]
[Black "Neumann, Ulrich"]
[Result "0-1"]
[WhiteElo "845"]
[BlackElo "1755"]
[PlyCount "50"]
[EventDate "2012.10.05"]
[EventType "tourn (corr)"]
[EventRounds "6"]
[EventCountry "GER"]
[SourceTitle "Telechess CBM 161"]
[Source "ChessBase"]
[SourceDate "2014.07.16"]
[SourceVersion "1"]
[SourceVersionDate "2014.07.16"]
[SourceQuality "1"]

1. Nf3 g6 2. d4 Bg7 3. e4 d6 4. Be3 Nd7 5. Nc3 c6 6. Bd3 e5 7. 0-0 exd4 8. Bxd4 Bxd4 9. Nxd4 Ngf6 10. Re1 0-0 11. Qd2 Qb6 12. Nb3 a5 13. a4 Ne5 14. h3 Bxh3 15. Qe3 Qxe3 16. Rxe3 Be6 17. Nd4 Rfe8 18. Nxe6 Rxe6 19. Rd1 Nxd3 20. cxd3 Ra6 21. f4 Rb6 22. Rb1 Rb4 23. b3 d5 24. e5 Nh5 25. g3 d4 0-1

[Event "CP-2012-P-00063"]
[Site "LSS email"]
[Date "2012.10.01"]
[Round "?"]
[White "Hammerschmidt, Volker"]
[Black "Bilbey, Brian"]
[Result "1-0"]
[WhiteElo "1907"]
[BlackElo "845"]
[PlyCount "45"]
[EventDate "2012.10.05"]
[EventType "tourn (corr)"]
[EventRounds "6"]
[EventCountry "GER"]
[SourceTitle "Telechess CBM 161"]
[Source "ChessBase"]
[SourceDate "2014.07.16"]
[SourceVersion "1"]
[SourceVersionDate "2014.07.16"]
[SourceQuality "1"]

1. e4 c5 2. Nf3 d6 3. d4 cxd4 4. Nxd4 e5 5. Bb5+ Bd7 6. Bxd7+ Qxd7 7. Nb3 Nf6 8. Nc3 Be7 9. Bg5 0-0 10. Qd3 Nc6 11. 0-0 Rac8 12. Bxf6 Bxf6 13. Nc5 Qc7 14. Nd5 Qd8 15. Nxb7 Qd7 16. Nxf6+ gxf6 17. Nxd6 Rcd8 18. Rfd1 Nb4 19. Qf3 Qe6 20. Nf5 Kh8 21. Qg4 Rxd1+ 22. Rxd1 Rg8 23. Qxg8+ 1-0

[Event "CP-2012-P-00063"]
[Site "LSS email"]
[Date "2012.10.01"]
[Round "?"]
[White "Motyka, Jerzy"]
[Black "Bilbey, Brian"]
[Result "1-0"]
[WhiteElo "1811"]
[BlackElo "845"]
[PlyCount "61"]
[EventDate "2012.10.05"]
[EventType "tourn (corr)"]
[EventRounds "6"]
[EventCountry "GER"]
[SourceTitle "Telechess CBM 161"]
[Source "ChessBase"]
[SourceDate "2014.07.16"]
[SourceVersion "1"]
[SourceVersionDate "2014.07.16"]
[SourceQuality "1"]

1. e4 c5 2. Nf3 d6 3. Bb5+ Bd7 4. Bxd7+ Qxd7 5. 0-0 Nc6 6. c3 g6 7. d4 cxd4 8. cxd4 Bg7 9. Nc3 e6 10. d5 Ne5 11. Nd4 Nf6 12. f4 Neg4 13. h3 Nh6 14. Ndb5 0-0 15. dxe6 fxe6 16. Qxd6 Qxd6 17. Nxd6 b6 18. e5 Nd5 19. Nxd5 exd5 20. Be3 Nf5 21. Nxf5 Rxf5 22. Rad1 Rc8 23. Rxd5 Rc2 24. g4 Rf8 25. Rf2 Rfc8 26. Rxc2 Rxc2 27. Rd2 Rc8 28. Kg2 Bf8 29. Rd7 Rc2+ 30. Kf3 Rxb2 31. e6 1-0

[Event "SN-2012-0-00451"]
[Site "LSS email"]
[Date "2012.07.30"]
[Round "?"]
[White "Cook, Paul"]
[Black "Bilbey, Brian"]
[Result "0-1"]
[WhiteElo "991"]
[BlackElo "877"]
[PlyCount "29"]
[EventDate "2012.07.17"]
[EventType "tourn (corr)"]
[EventRounds "6"]
[EventCountry "GER"]
[SourceTitle "Corr 2015"]
[Source "ChessBase"]
[SourceDate "2015.07.17"]
[SourceVersion "1"]
[SourceVersionDate "2015.07.17"]
[SourceQuality "1"]

1. e4 c5 2. Nf3 a6 3. d4 cxd4 4. Nxd4 d6 5. Nc3 Nf6 6. Bd3 e5 7. Nf3 Bg4 8. 0-0 Be7 9. h3 Be6 10. Ng5 0-0 11. Be3 Nbd7 12. Nxe6 fxe6 13. Bc4 Qc8 14. Bxe6+ Kh8 15. g4 0-1

[Event "SN-2012-0-00451"]
[Site "LSS email"]
[Date "2012.07.30"]
[Round "?"]
[White "Kaupat, Lothar"]
[Black "Bilbey, Brian"]
[Result "0-1"]
[WhiteElo "737"]
[BlackElo "877"]
[PlyCount "64"]
[EventDate "2012.07.17"]
[EventType "tourn (corr)"]
[EventRounds "6"]
[EventCountry "GER"]
[SourceTitle "Telechess CBM 165"]
[Source "ChessBase"]
[SourceDate "2015.03.11"]
[SourceVersion "1"]
[SourceVersionDate "2015.03.11"]
[SourceQuality "1"]

1. e4 c5 2. Nf3 d6 3. d4 cxd4 4. Nxd4 Nf6 5. Nc3 a6 6. Bc4 g6 7. f3 Bg7 8. Be3 0-0 9. 0-0 Nc6 10. Nxc6 bxc6 11. Qd2 Bb7 12. Rad1 Nd7 13. Rfe1 Ne5 14. Bb3 Qc7 15. Bh6 a5 16. Bxg7 Kxg7 17. f4 Nd7 18. Qd4+ f6 19. f5 Ne5 20. fxg6 Nxg6 21. Rd3 c5 22. Qa4 Kh8 23. Nd5 Bxd5 24. Bxd5 Rab8 25. Rb3 Rb4 26. Rxb4 axb4 27. Qb3 Ne5 28. Re3 Rb8 29. Rg3 Qb6 30. Bg8 c4+ 31. Qe3 Qxe3+ 32. Rxe3 Rxg8 0-1

[Event "RN-2012-0-00491"]
[Site "LSS email"]
[Date "2012.06.13"]
[Round "?"]
[White "Bilbey, Brian"]
[Black "Venturas, Bob"]
[Result "0-1"]
[WhiteElo "877"]
[BlackElo "730"]
[PlyCount "84"]
[EventDate "2012.05.31"]
[EventType "tourn (corr)"]
[EventRounds "6"]
[EventCountry "GER"]
[SourceTitle "Telechess CBM 165"]
[Source "ChessBase"]
[SourceDate "2015.03.11"]
[SourceVersion "1"]
[SourceVersionDate "2015.03.11"]
[SourceQuality "1"]

1. Nf3 d5 2. d4 Nc6 3. c4 b6 4. Nc3 Nf6 5. Bg5 Bb7 6. e3 Ba6 7. Qa4 Bb7 8. Bd3 h6 9. Bxf6 exf6 10. 0-0 Bb4 11. a3 Bxc3 12. bxc3 0-0 13. Bb1 Na5 14. Qc2 g6 15. cxd5 Qxd5 16. e4 Qc4 17. Nh4 Qe6 18. Re1 Qg4 19. Nf3 Nc4 20. Ba2 Nd6 21. d5 Rae8 22. Bb1 Kg7 23. h3 Qd7 24. Nh4 Bxd5 25. e5 Rxe5 26. Rxe5 fxe5 27. Nf3 e4 28. Nd4 Nc4 29. Ba2 b5 30. Bxc4 Bxc4 31. Rd1 Bd3 32. Qd2 c5 33. Nc2 c4 34. Nb4 a5 35. Nc2 f5 36. Nd4 f4 37. Qb2 Rb8 38. Qc1 g5 39. Rd2 g4 40. hxg4 Qxg4 41. Qd1 f3 42. g3 Qh3 0-1

[Event "LSS No Engine Cup 57 Preliminary 1"]
[Site "LSS email"]
[Date "2012.01.15"]
[Round "?"]
[White "Bilbey, Brian"]
[Black "O'Brien, Glenn"]
[Result "0-1"]
[WhiteElo "866"]
[BlackElo "1317"]
[PlyCount "40"]
[EventDate "2012.01.16"]
[EventType "tourn (corr)"]
[EventRounds "6"]
[EventCountry "GER"]
[SourceTitle "Corr 2015"]
[Source "ChessBase"]
[SourceDate "2015.07.17"]
[SourceVersion "1"]
[SourceVersionDate "2015.07.17"]
[SourceQuality "1"]

1. Nf3 d5 2. d4 Nf6 3. Bf4 e6 4. e3 c5 5. c4 Nc6 6. Be2 Bd7 7. Nc3 cxd4 8. exd4 Bb4 9. 0-0 Bxc3 10. bxc3 Ne4 11. Qc2 g5 12. Bg3 0-0 13. Rab1 f5 14. Bd6 Nxd6 15. c5 Ne4 16. Rxb7 Rb8 17. Rfb1 Rxb7 18. Rxb7 Bc8 19. Rb1 Qa5 20. Rb5 Qxc3 0-1

[Event "LSS No Engine Cup 57 Preliminary 1"]
[Site "LSS email"]
[Date "2012.01.15"]
[Round "?"]
[White "Gudok, Viktor V"]
[Black "Bilbey, Brian"]
[Result "1-0"]
[WhiteElo "1889"]
[BlackElo "866"]
[PlyCount "45"]
[EventDate "2012.01.16"]
[EventType "tourn (corr)"]
[EventRounds "6"]
[EventCountry "GER"]
[SourceTitle "Corr 2015"]
[Source "ChessBase"]
[SourceDate "2015.07.17"]
[SourceVersion "1"]
[SourceVersionDate "2015.07.17"]
[SourceQuality "1"]

1. e4 c5 2. Nf3 a6 3. c4 Nc6 4. Nc3 d6 5. d4 cxd4 6. Nxd4 Nf6 7. Be2 e5 8. Nc2 Be7 9. 0-0 0-0 10. Bg5 Be6 11. Ne3 Nd4 12. Rc1 Rc8 13. b3 Nxe2+ 14. Qxe2 h6 15. Bxf6 Bxf6 16. Ncd5 Bg5 17. Rcd1 Bxe3 18. Nxe3 f5 19. exf5 Bxf5 20. Qf3 Bc2 21. Qd5+ Kh8 22. Nxc2 Rf6 23. Qxb7 1-0

[Event "LSS No Engine Cup 57 Preliminary 1"]
[Site "LSS email"]
[Date "2012.01.15"]
[Round "?"]
[White "Jostov, Keylah"]
[Black "Bilbey, Brian"]
[Result "1-0"]
[WhiteElo "1077"]
[BlackElo "866"]
[PlyCount "69"]
[EventDate "2012.01.16"]
[EventType "tourn (corr)"]
[EventRounds "6"]
[EventCountry "GER"]
[SourceTitle "Corr 2015"]
[Source "ChessBase"]
[SourceDate "2015.07.17"]
[SourceVersion "1"]
[SourceVersionDate "2015.07.17"]
[SourceQuality "1"]

1. c4 c5 2. Nf3 Nc6 3. Nc3 Nf6 4. d4 cxd4 5. Nxd4 g6 6. e4 Bg7 7. Be3 0-0 8. Be2 d6 9. 0-0 Ne5 10. f3 b6 11. Qd2 Bb7 12. Rac1 Rc8 13. b3 Nfd7 14. Bh6 Nc5 15. Bxg7 Kxg7 16. f4 Ned7 17. Bf3 e5 18. Nde2 Qe7 19. f5 Qf6 20. Ng3 Qe7 21. Nd5 Qe8 22. Bg4 Bxd5 23. cxd5 Nf6 24. Qg5 Nfxe4 25. Nh5+ Kh8 26. Qh6 Rg8 27. f6 Qf8 28. Qg7+ Rxg7 29. fxg7+ Kg8 30. gxf8Q+ Rxf8 31. Nf6+ Nxf6 32. Rxf6 Re8 33. Rxd6 e4 34. Rc6 e3 35. Be2 1-0

[Event "ZN-2012-0-01812"]
[Site "LSS email"]
[Date "2012.01.09"]
[Round "?"]
[White "Hendershot, Paul"]
[Black "Bilbey, Brian"]
[Result "0-1"]
[WhiteElo "541"]
[BlackElo "848"]
[PlyCount "40"]
[EventDate "2012.01.02"]
[EventType "match (corr)"]
[EventRounds "2"]
[EventCountry "GER"]
[SourceTitle "Telechess CBM 155"]
[Source "ChessBase"]
[SourceDate "2013.07.16"]
[SourceVersion "1"]
[SourceVersionDate "2013.07.16"]
[SourceQuality "1"]

1. e4 c5 2. d4 cxd4 3. Qxd4 Nc6 4. Qd1 e5 5. c3 Nf6 6. f3 Bc5 7. Nh3 0-0 8. Bg5 a6 9. Nd2 d6 10. Nc4 h6 11. Bh4 Be6 12. Bxf6 Qxf6 13. b3 Rad8 14. b4 Ba7 15. Nxd6 Bxh3 16. gxh3 Rxd6 17. Bd3 Rfd8 18. Qc2 Rxd3 19. Rf1 Qh4+ 20. Ke2 Re3# 0-1

[Event "LSS RF-2011-0-00101"]
[Site "LSS email"]
[Date "2012.01.07"]
[Round "?"]
[White "Bilbey, Brian"]
[Black "Zwaneveld, Ansel"]
[Result "0-1"]
[WhiteElo "848"]
[BlackElo "1116"]
[PlyCount "82"]
[EventDate "2011.11.20"]
[EventType "tourn (corr)"]
[EventRounds "6"]
[EventCountry "GER"]
[SourceTitle "Telechess CBM 155"]
[Source "ChessBase"]
[SourceDate "2013.07.16"]
[SourceVersion "1"]
[SourceVersionDate "2013.07.16"]
[SourceQuality "1"]

1. Nf3 g6 2. d4 Bg7 3. c4 c5 4. Nc3 cxd4 5. Nxd4 Nc6 6. Nxc6 dxc6 7. e4 Qxd1+ 8. Nxd1 Nf6 9. Nc3 Be6 10. Be2 0-0 11. 0-0 Rfd8 12. Be3 b6 13. Rad1 Nd7 14. Rd2 Ne5 15. Rfd1 Rxd2 16. Rxd2 Bxc4 17. h3 Kf8 18. Bd4 Rd8 19. Bf1 Bxf1 20. Kxf1 c5 21. Be3 Rxd2 22. Bxd2 Nc4 23. Bc1 a6 24. f4 e5 25. b3 exf4 26. Nd5 Nd6 27. Nxb6 Nxe4 28. Bxf4 Nc3 29. Bd6+ Ke8 30. a3 Ne4 31. Nc4 Kd7 32. Bf4 Kc6 33. Ne5+ Bxe5 34. Bxe5 Nd2+ 35. Ke2 Nxb3 36. Ke3 Kd5 37. Bf6 Nd4 38. Bxd4 cxd4+ 39. Kd3 f5 40. g3 g5 41. a4 a5 0-1